000 00685nam a2200241Ia 4500
005 20260430150623.0
008 008 250103s9999 xx 000 0 eng d
037 _aTheses
040 _aCRL
040 _beng
040 _ceng
041 _2eng
041 _aeng
084 _qCRL
100 _aSharma Meenu Au.; Mishra Preeti Vivek Gu.; Chennat Sailaja Gu.
_91238023
245 0 _aExperience and Perception of People with Physical Disability about Sexuality and the Body
260 _c2024
300 _a212p.
650 _aEducation
700 _aUniversity of Delhi. Fculty of Education. Deptt. of Education
_91238018
942 _cTH
999 _c1850228
_d1850228